UITU Library & LRC     

Budgeting 101: from getting out of debt and tracking expenses to setting financial goals and building your savings, your essential guide to budgeting (Record no. 17154)

MARC details
000 -LEADER
fixed length control field 00583nam a2200181Ia 4500
008 - FIXED-LENGTH DATA ELEMENTS--GENERAL INFORMATION
fixed length control field 240925s9999 xx 000 0 und d
020 ## - INTERNATIONAL STANDARD BOOK NUMBER
International Standard Book Number 9781507209073
082 ## - DEWEY DECIMAL CLASSIFICATION NUMBER
Classification number 332.024 CAG
100 ## - MAIN ENTRY--PERSONAL NAME
Personal name Cagan, Michele
245 #0 - TITLE STATEMENT
Title Budgeting 101: from getting out of debt and tracking expenses to setting financial goals and building your savings, your essential guide to budgeting
250 ## - EDITION STATEMENT
Edition statement NA
260 ## - PUBLICATION, DISTRIBUTION, ETC.
Place of publication, distribution, etc. Canada:
Name of publisher, distributor, etc. Wiley Interscience
Date of publication, distribution, etc. ,2018.
300 ## - PHYSICAL DESCRIPTION
Extent 182p.
Other physical details 0
Type of unit Original
500 ## - GENERAL NOTE
General note Includes Index
600 ## - SUBJECT ADDED ENTRY--PERSONAL NAME
Personal name Social Sciences
650 ## - SUBJECT ADDED ENTRY--TOPICAL TERM
Topical term or geographic name entry element Social Sciences
942 ## - ADDED ENTRY ELEMENTS (KOHA)
Koha item type Books
Holdings
Withdrawn status Lost status Damaged status Not for loan Collection Home library Current library Date acquired Source of acquisition Cost, normal purchase price Total checkouts Full call number Barcode Date last seen Price effective from Koha item type
        Social Sciences UITU Library UITU Library 02/05/2019 Reading Books 795.00   332.024 CAG Q14655 09/25/2024   Books

Powered by Koha